01118nam a2200313 u 450000100070000000500170000700800410002403500110006503500210007604000130009704100080011008000070011810000420012524501060016725000090027326000450028230000180032765000280034565000330037365000280040665000350043465000430046965000260051265000330053870000420057194200090061399900170062295201650063914618320260506075631.0971114s1924 eng  a146183 a(OCoLC)777994189 ccomduadb aeng aQZ10aBurr Mallory, Frank4auteaut949314310aPathological technique : A practical manual for workers in pathological history and bacteriology..... a8ed. aEstados Unidos :bW. B. Saunders,c1924. a666 páginas 7aPatología2dcs913533 aHistologia patologica921390 7aHistología2dcs94848 aAnatomía patológica944285 aAnatomía patológica - Atlas921139 aHistopatologia947909 aPatología clínica93647710aHomer Wright, James4auteaut9277600 cBOOK c75969d75969 001040708HIS. MEDICaBMbBMd1997-11-14eMaterial adquirido por donacióniC201435l0oQZ25 M3-24p61000000533295r2023-04-21 00:00:00t1w2023-04-21yBOOKI